000 00613nam a2200193Ia 4500
005 20250423101028.0
008 250422s9999 xx 000 0 und d
020 _a9780080971216
050 _aTH 151 .C63/
100 _aCobb, Fiona
245 0 _aStructural engineer’s pocket book
250 _a3rd ed.
260 _aNew York
260 _bCRC Press
260 _c2015
300 _a445 p
650 _a Building--Handbooks, manuals, etc. Building--Europe--Handbooks, manuals, etc. Structural engineering--Handbooks, manuals, etc. TECHNOLOGY & ENGINEERING / Structural.
942 _cBK
999 _c35064
_d35064